|
|
|
|
| LEADER |
00962nam a2200349 4500 |
| 001 |
DLU190189596 |
| 005 |
##20190306 |
| 020 |
# |
# |
|a 9781631572661
|
| 040 |
# |
# |
|a DLU
|b vie
|
| 041 |
# |
# |
|a eng
|
| 044 |
# |
# |
|a us
|
| 082 |
# |
# |
|a 658.802
|b TO-E
|
| 100 |
# |
# |
|a Towner, Emil B.
|
| 245 |
# |
# |
|a Technical marketing communication :
|b A guide to writing, design, and delivery /
|c Emil B. Towner, Heidi L. Everett.
|
| 260 |
# |
# |
|a New York, NY. :
|b Business Expert Press ,
|c 2016.
|
| 300 |
# |
# |
|a 137 p. :
|b ill;
|c 23 cm.
|
| 504 |
# |
# |
|a Includes indexes.
|
| 650 |
# |
# |
|a Communication in marketing.
|
| 650 |
# |
# |
|a Communication of technical information.
|
| 650 |
# |
# |
|a Technological innovations
|x Marketing.
|
| 700 |
# |
# |
|a Everett, Heidi.
|
| 923 |
# |
# |
|a 05/2018
|
| 991 |
# |
# |
|a SH
|
| 992 |
# |
# |
|a 835655
|
| 994 |
# |
# |
|a DLU
|
| 900 |
# |
# |
|a True
|
| 911 |
# |
# |
|a Nguyễn Thanh Hương
|
| 925 |
# |
# |
|a G
|
| 926 |
# |
# |
|a A
|
| 927 |
# |
# |
|a SH
|
| 980 |
# |
# |
|a Thư viện Trường Đại học Đà Lạt
|